<?xml version="1.0" encoding="UTF-8"?><?xml-stylesheet type="text/xsl" href="static/style.xsl"?><OAI-PMH xmlns="http://www.openarchives.org/OAI/2.0/" xmlns:xsi="http://www.w3.org/2001/XMLSchema-instance" xsi:schemaLocation="http://www.openarchives.org/OAI/2.0/ http://www.openarchives.org/OAI/2.0/OAI-PMH.xsd"><responseDate>2026-06-02T10:59:05Z</responseDate><request verb="GetRecord" identifier="oai:riuma.uma.es:10630/16090" metadataPrefix="marc">https://riuma.uma.es/rest/oai/request</request><GetRecord><record><header><identifier>oai:riuma.uma.es:10630/16090</identifier><datestamp>2026-02-03T12:27:34Z</datestamp><setSpec>com_10630_2254</setSpec><setSpec>col_10630_37959</setSpec></header><metadata><record xmlns="http://www.loc.gov/MARC21/slim" xmlns:dcterms="http://purl.org/dc/terms/" xmlns:doc="http://www.lyncode.com/xoai" xmlns:xsi="http://www.w3.org/2001/XMLSchema-instance" xsi:schemaLocation="http://www.loc.gov/MARC21/slim http://www.loc.gov/standards/marcxml/schema/MARC21slim.xsd">
   <leader>00925njm 22002777a 4500</leader>
   <datafield ind2=" " ind1=" " tag="042">
      <subfield code="a">dc</subfield>
   </datafield>
   <datafield ind2=" " ind1=" " tag="720">
      <subfield code="a">Pascual-Lacal, María del Rocío</subfield>
      <subfield code="e">author</subfield>
   </datafield>
   <datafield ind2=" " ind1=" " tag="720">
      <subfield code="a">Madrid-Vivar, Dolores</subfield>
      <subfield code="e">author</subfield>
   </datafield>
   <datafield ind2=" " ind1=" " tag="720">
      <subfield code="a">Estrada-Vidal, Ligia Isabel</subfield>
      <subfield code="e">author</subfield>
   </datafield>
   <datafield ind2=" " ind1=" " tag="260">
      <subfield code="c">2018-07-02</subfield>
   </datafield>
   <datafield ind2=" " ind1=" " tag="520">
      <subfield code="a">El objetivo de estudio es conocer el nivel de conocimiento sobre el lenguaje escrito que presenta el alumnado de educación infantil en relación a diversos aspectos funcionales, formales y convencionales del mismo. Participaron 775 niños y niñas de Educación Infantil (5 años), a los que se aplicó la Prueba de Conocimientos sobre el Lenguaje Escrito (CLE), conformado por 12 factores. Los resultados realizados con el análisis descriptivo y correlacional muestran un adecuado nivel en el alumnado, así como una relación directa entre los diversos factores (con alguna excepción en el reconocimiento de la frase y sus características). Por ello, se recomienda a los docentes que su alumnado realice actividades relacionadas con las variables abordadas en el estudio para el desarrollo del aprendizaje a la iniciación del conocimiento del lenguaje escrito.</subfield>
   </datafield>
   <datafield ind1="8" ind2=" " tag="024">
      <subfield code="a">https://hdl.handle.net/10630/16090</subfield>
   </datafield>
   <datafield tag="653" ind2=" " ind1=" ">
      <subfield code="a">Lectura - Estudio y enseñanza</subfield>
   </datafield>
   <datafield ind2="0" ind1="0" tag="245">
      <subfield code="a">Iniciación al conocimiento del lenguaje escrito en el alumnado de educación infantil</subfield>
   </datafield>
</record>
</metadata></record></GetRecord></OAI-PMH>